000 00793nam a2200229 i 4500
001 59949
003 ES-MaACL
005 20230906164128.0
007 t|
008 031031s1971 sp ||||1| spa d
100 1 _aEsgueva Martínez, Manuel A.
_947722
245 1 3 _aLa colección teatral "La Farsa" /
_cManuel Esgueva Martínez.
260 _aMadrid :
_b[Instituto Miguel de Cervantes],
_c1971.
300 _aXVI, 511 p. ;
_c23 cm.
490 1 _aAnejos de la Revista Segismundo ;
_v3
630 0 4 _aLa Farsa-
_vÍndices.
_9159174
650 4 _aTeatro español-
_yS.XIX-
_vBibliografías.
_917347
650 4 _aTeatro español-
_yS.XX-
_vBibliografías.
_917357
830 0 _aAnejos de la Revista Segismundo ;
_v3
_9181836
852 _aES-MaACL
_jE-4975
_bR.93388
999 _c59949
_d59949